Rabindranath Tagore's play chandarlika : (Record no. 39138)

MARC details
000 -LEADER
fixed length control field 00670nam a22001937a 4500
005 - DATE AND TIME OF LATEST TRANSACTION
control field 20100804113512.0
010 ## - LCCN (DPL NO)
LC control number ENG-98037
020 ## - INTERNATIONAL STANDARD BOOK NUMBER
International Standard Book Number 9788184651355
Terms of availability 90.00
035 ## - SYSTEM CONTROL NUMBER
System control number EN-81570
037 ## - SOURCE OF ACQUISITION
Source of stock number/acquisition DBAD/PUB
082 ## - DEWEY DECIMAL CLASSIFICATION NUMBER
Classification number 883
100 ## - MAIN ENTRY--PERSONAL NAME
Personal name Shiva Kumar, S.
245 ## - TITLE STATEMENT
Title Rabindranath Tagore's play chandarlika :
Remainder of title a critical study /
Statement of responsibility, etc by S. Shiva Kumar
260 ## - PUBLICATION, DISTRIBUTION, ETC. (IMPRINT)
Place of publication, distribution, etc Tiruvannamalai
Name of publisher, distributor, etc Guru Publications
Date of publication, distribution, etc 2009
270 ## - ADDRESS
Address 19/79, Vadamathathi Street
City Tiruvannamalai
Postal code 606601
300 ## - PHYSICAL DESCRIPTION
Extent 82p.
Dimensions 21cm (pbk)
942 ## - ADDED ENTRY ELEMENTS (KOHA)
Source of classification or shelving scheme Dewey Decimal Classification
Item type English Books
Classification part 883
Call number suffix SHI
Holdings
Withdrawn status Lost status Not for loan Collection code Home library Current library Date acquired Source of acquisition Cost, normal purchase price Full call number Barcode Copy number Cost, replacement price Koha item type
    Not For Loan Non-fiction D.B.Act.Division D.B.Act.Division 04/08/2010 DBAD/PUB 90.00 883 SHI EN-81570 1 90.00 English Books

© Delhi Public Library
Hit Counter
free hit counter